Statystyki dla League of legends - Ultimates

Kliknij tutaj aby rozwiązać quiz!

Ogólne statystyki

  • Ten quiz został rozwiązany 324 razy
  • Średni wynik to 12 z 15

Statystyki odpowiedzi

OpisPostać% Poprawnych
Rzuca w wybranym kierunku beczką, zadając obrażenia i odrzucając przeciwników.Gragas
99%
Razi wrogów magicznym spojrzeniem, ogłuszając tych, którzy stoją przodem do niej, zaś spowalniając przeciwników odwróconych tyłem.Cassiopeia
93%
Wciąga swoją ofiarę do innego wymiaru i wykrada część jej statystyk. Jeśli ją zabije, zachowa te statystyki, dopóki ofiara się nie odrodzi.Mordekaiser
93%
Zamienia się w groźnego pająka, zmniejszając swój zasięg ataku, ale zyskując prędkość ruchu, nowe umiejętności i rój pająków, który będzie walczył wraz z nią.Elise
90%
Szarżuje w wybranym kierunku, zwiększając prędkość wraz z czasem. Gdy zderzy się z wrogiem, zadaje mu obrażenia i podrzuca go, w zależności od przebytego obszaru.Sion
88%
Przyzywa Mglistą Dziewicę. Atakując jej cel, zadaje dodatkowe obrażenia. Dziewica automatycznie wskrzesza również Istoty Mgły z martwych wrogów.Yorick
87%
Rozkazuje Kuli stworzenie fali uderzeniowej, która zada obrażenia magiczne i po krótkiej chwili przyciągnie pobliskich wrogów.Orianna
82%
Wystrzeliwuje rakiety, tworząc ścianę płomieni, która zadaje obrażenia i spowalnia przeciwników.Rumble
82%
Podczas pogoni za wrogiem, odrzuca na boki wszystkich nieprzyjaciół stojących jej na drodze. Kiedy dociera do wroga, wyrzuca go w powietrze, skacze za nim i ciska nim z powrotem o ziemię.Vi
81%
Z pewnym opóźnieniem uwalnia kosmiczną energię na pobliskich, sojuszniczych bohaterów, sprawiając, że na krótki czas stają się niewrażliwi.Taric
78%
Wystrzeliwuje mnóstwo ostrzy, które wybuchają na zewnątrz po trafieniu wrogiego bohatera. Wrogowie trafieni ostrzami otrzymują obrażenia i zostają Oznaczeni. Następnie ostrza tworzą ścianę zadającą obrażenia i spowolniającą wrogów, którzy przez nią przejdą.Irelia
73%
Unieruchamia się i może wielokrotnie użyć potężnego ostrzału o dużym zasięgu.Xerath
71%
Ciska dwoma potężnymi toporami, zadając obrażenia fizyczne każdej trafionej jednostce. Tornado Śmierci powoli zmienia kierunek lotu na przeciwny i wraca, gdy trafi we wroga.Draven
68%
Co trzeci cios, który wykona z rzędu, zada dodatkowe obrażenia magiczne. Dodatkowo, może aktywować tę umiejętność, aby wydobyć wewnętrzną siłę i zwiększyć na krótki czas wartość swojego pancerza i odporności na magię.Jax
63%
Skacze w wybranym kierunku, zadając obrażenia wrogom, których trafi. Ponowne użycie: doskakuje w wybranym kierunku, wykańczając wszystkich wrogów, których trafi.Akali
53%

Rozkład punktacji

Percentyl według liczby udzielonych odpowiedzi

Procent ludzi z każdym wynikiem

Twoja historia wyników

Nie rozwiązałeś tego quizu